000 00769nam a2200229 a 4500
005 20241012063718.0
008 991125s1989 mx 000 0 spa u
020 _a9682431514
035 _aUPN01000056381
049 _aCG
050 4 _aBF724
_bG6.7 1989
100 1 _aGonzález Núñez, José de Jesús
245 1 0 _aTeoría y técnica de la terapia psicoanalítica de adolescentes /
_cJosé de Jesús González Núñez, Javier Romero Aguirre, Federico de Tavira y Noriega.
250 _a2a ed.
260 _aMéxico :
_bTrillas,
_c1989.
300 _a190 p.
650 4 _aPsicología del adolescente
_91013
650 4 _aPsicoterapia
_98720
700 1 _aRomero Aguirre, Javier,
_ecoaut.
700 1 _aTavira y Noriega, Federico de,
_ecoaut.
905 _aLibro
999 _c56381
_d56381